Normal view MARC view

Entry Personal Name

Number of records used in: 4

001 - CONTROL NUMBER

  • control field: 1237857

003 - CONTROL NUMBER IDENTIFIER

  • control field: OSt

005 - DATE AND TIME OF LATEST TRANSACTION

  • control field: 20260430150547.0

008 - FIXED-LENGTH DATA ELEMENTS

  • fixed length control field: 260430|| aca||aabn | a|a d

040 ## - CATALOGING SOURCE

  • Original cataloging agency: OSt
  • Transcribing agency: OSt

100 ## - HEADING--PERSONAL NAME

  • Personal name: University of Delhi. Faculty of Inter-Disciplinary&Applied Science. Deptt. of Plant Molecular Biology

670 ## - SOURCE DATA FOUND

  • Source citation: Work cat.: (OSt)1850079: Sharma Shivam Au.; Kapoor Sanjay Gu.; Tyagi Akilesh Kumar Gu. 1237856, Functional Characterization of a Calcium-dependent Protein Kinase, OsCPK29, and a General Transcription Factor, OsTFIIB, During Development in Rice, 2024
Copyright @ Delhi University Library System